| 000 | 00375nam a2200145Ia 4500 | ||
|---|---|---|---|
| 008 | 150201s2007 xx 000 0 und d | ||
| 082 |
_a611.313 _bD2007S |
||
| 100 | _aSATISH CHANDERA | ||
| 245 | _aTEXT BOOK OF DENTAL & ORAL ANATOMY | ||
| 250 | _a1ST | ||
| 260 |
_bJAYPEE MEDICAL PUBLISHER _aDELHI _c2007 |
||
| 300 | _a1-196 | ||
| 650 | _aORAL PATHOLOGY | ||
| 942 |
_2ddc _cBK _01 |
||
| 999 |
_c3783 _d3783 |
||